000 01285cam a2200313 4500
001 masteringproblem00chaurich
003 CaSfIA
005 20210118171349.0
007 cr||||
008 680301s1968 nyu b 000 0 eng
010 _a 68019120
040 _aDLC
_cDLC
_dCUI
_dCaSfIA
035 _a(OCoLC)440787
050 1 4 _aBD431
_b.C467 1968
082 _a128/.5
100 1 _aChaudhuri, Haridas.
245 1 0 _aMastering the problems of living.
_h[electronic resource]
_cForeword by R. Gordon Agnew.
250 _a[1st ed.]
260 _aNew York,
_bCitadel Press
_c[1968]
300 _a222 p.
_c21 cm.
504 _aBibliographical footnotes.
650 0 _aLife.
650 0 _aConduct of life.
856 4 1 _uhttp://www.archive.org/details/masteringproblem00chaurich
_zFree eBook from the Internet Archive
856 4 2 _uhttp://www.openlibrary.org/books/OL5611326M
_zAdditional information and access via Open Library
942 _cEB
506 _fНеобхідна авторизація на https://archive.org/ (створення облікового запису безкоштовно)
506 _fНеобхідна авторизація на https://openlibrary.org/ (створення облікового запису безкоштовно)
999 _c523640
_d523640